LEADER 00949nam0-2200325---450- 001 990008788000403321 005 20090108115209.0 010 $a88-204-2684-6 035 $a000878800 035 $aFED01000878800 035 $a(Aleph)000878800FED01 035 $a000878800 100 $a20090108d1987----km-y0itay50------ba 101 1 $aita 102 $aIT 105 $aa-------001yy 200 1 $aAborto volontario ripetuto e desiderio di gravidanza$econtributi alla prevenzione$fRoberta Carini, Ida Finzi 210 $aMilano$cF. Angeli$d1987 215 $a130 p.$cill.$d22 cm 610 0 $aABORTO - ASPETTI PSICOLOGICI 676 $a363.46$v19 702 1$aCarini,$bRoberta 702 1$aFinzi,$bIda 801 0$aIT$bUNINA$gRICA$2UNIMARC 901 $aBK 912 $a990008788000403321 952 $aA 7/15$b616 Dip.$fDMNUP 959 $aDMNUP 996 $aAborto volontario ripetuto e desiderio di gravidanza$9809575 997 $aUNINA LEADER 01531cam0-22004811i-450 001 990006049250403321 005 20220223141302.0 010 $a88-13-16183-2 035 $a000604925 035 $aFED01000604925 035 $a(Aleph)000604925FED01 035 $a000604925 100 $a20000112d1987----km-y0itay50------ba 101 0 $aita 102 $aIT 105 $ay---n---001yy 200 1 $aTecniche costituzionali e problemi delle autonomie "garantite"$eriflessioni comparatistiche sul federalismo e sul regionalismo$fAntonio La Pergola 210 $aPadova$cCedam$d1987 215 $aXII, 182 p.$d24 cm 225 1 $aRicerche di diritto pubblico comparato$v10 610 0 $aStato federale$aDiritto comparato 610 0 $aAmministrazione locale e amministrazione centrale$aDiritto comparato 676 $a342.042$v19$zita 676 $a353.9$v20$zita 700 1$aLa Pergola,$bAntonio$0230479 801 0$aIT$bUNINA$gRICA$2UNIMARC 901 $aBK 912 $a990006049250403321 952 $aVI L 720$b1013$fDDA 952 $aCN. 24 (10$b594 idcc$fDDCIC 952 $aCN. 24 (10 BIS$b1052 idcc$fDDCIC 952 $aDP I-259$fDEC 952 $aDP I-259$fDEC 952 $aDP XIII-41$b3550$fDEC 952 $aCOLLEZIONE 395 (10)$b5688$fFGBC 952 $$a COLLEZ. 1007 (10)$b3972$fFSPBC$a 959 $aDDA 959 $aDDCIC 959 $aDEC 959 $aFGBC 959 $aFSPBC 996 $aTecniche costituzionali e problemi delle autonomie "garantite"$9577454 997 $aUNINA